| 000 | 00480nam a22001697a 4500 | ||
|---|---|---|---|
| 005 | 20260317155432.0 | ||
| 008 | 260317b |||||||| |||| 00| 0 eng d | ||
| 037 | _cDSWL | ||
| 040 |
_aDSWL _cDSWL |
||
| 041 | _heng | ||
| 100 |
_aWinfield, P W _91132344 |
||
| 245 | _aCore management for HR students and practiness | ||
| 260 |
_aNew Oxford, _bButterworth Publication, _c2001 |
||
| 300 | _a534p | ||
| 942 |
_2CC _cTEXL _n0 |
||
| 999 |
_c1715627 _d1715627 |
||